Genesis de las Formas y el Diseño Industrial (Record no. 11336)
[ view plain ]
| 000 -CABECERA | |
|---|---|
| campo de control de longitud fija | 00372nam a2200133 4500 |
| 005 - FECHA Y HORA DE LA ÚLTIMA TRANSACCIÓN | |
| campo de control | 20260530113847.0 |
| 100 1# - ENTRADA PRINCIPAL--NOMBRE DE PERSONA | |
| Nombre de persona | Pablo Tedeschi |
| 9 (RLIN) | 30856 |
| 245 10 - MENCIÓN DE TÍTULO | |
| Título | Genesis de las Formas y el Diseño Industrial |
| 264 #1 - PRODUCCIÓN, PUBLICACIÓN, DISTRIBUCIÓN, FABRICACIÓN Y COPYRIGHT | |
| Nombre del de productor, editor, distribuidor, fabricante | Editorial Universitaria de BsAs |
| Fecha de producción, publicación, distribución, fabricación o copyright | 1962 |
| 300 ## - DESCRIPCIÓN FÍSICA | |
| Extensión | 47 páginas |
| 336 ## - TIPO DE CONTENIDO | |
| Término de tipo de contenido | texto |
| Fuente | rdacontent |
| 337 ## - TIPO DE MEDIO | |
| Nombre/término del tipo de medio | sin medio |
| Fuente | rdamedia |
| 338 ## - TIPO DE SOPORTE | |
| Nombre/término del tipo de soporte | volumen |
| Fuente | rdacarrier |
No items available.